| 000 -CABECERA |
| fixed length control field |
02076nam a22002897a 4500 |
| 003 - IDENTIFICADOR DEL NÚMERO DE CONTROL |
| control field |
AR-CdUCM |
| 008 - DATOS DE LONGITUD FIJA--INFORMACIÓN GENERAL |
| fixed length control field |
190515b ||||| |||| 00| 0 spa d |
| 040 ## - FUENTE DE LA CATALOGACIÓN |
| Agencia/entidad que catalogó originalmente la obra |
MUNICIPALIDAD PROVINCIAL DEL CUSCO |
| Entidad que transcribió la catalogación |
BIBLIOTECA MUNICIPAL DEL CUSCO |
| 082 ## - NÚMERO DE LA CLASIFICACIÓN DECIMAL DEWEY |
| No. de Clasificación |
Patrimonio/N°1/2002 |
| 110 ## - ENTRADA PRINCIPAL--NOMBRE DE ENTIDAD CORPORATIVA |
| Nombre de la institución, jurisdicción como entrada principal |
Municipalidad Provincial del Cusco |
| 9 (RLIN) |
47318 |
| 245 ## - MENCIÓN DE TÍTULO |
| Título |
Revista de Cultura Patrimonio Cusco / |
| Mención de responsabilidad |
Municipalidad del Cusco |
| 260 ## - PUBLICACIÓN, DISTRIBUCIÓN, ETC. |
| Lugar de publicación, distribución, etc. |
Cusco : |
| Nombre de la editorial, distribuidor, etc. |
Municipalidad Provincial del Cusco, |
| -- |
Danny´s Graff, |
| Fecha de publicación, distribución, etc. |
2002. |
| 300 ## - DESCRIPCIÓN FÍSICA |
| Nº de Páginas Extensión |
86 páginas. : |
| Otros detalles físicos |
ilustraciones ; |
| Dimensiones |
26 cm. |
| 440 ## - MENCIÓN DE SERIE/PUNTO DE ACCESO ADICIONAL--TÍTULO |
| Título |
Revista de Cultura Patrimonio Cusco. |
| Número de la parte/sección de una obra |
N°1, 2002 |
| 9 (RLIN) |
47319 |
| 505 ## - NOTA DE CONTENIDO CON FORMATO |
| Nota de contenido formateada |
Contenido: El Inca Garcilaso y el Runa Simi. Manuel Jesús Aparicio. -- Camino Inca en Machu Picchu. Víctor Angles Vargas. -- Apuntes sobre el Pitu colaptes rupicola. José Luis Venero Gonzales. -- El Inti Raymi ayer y hoy. Armando Harvey Valencia. -- Cambio en la lectura de la enseñanza. Aidé Zela Vera. -- Que esta pasando con la cultura andina. Guillermo Salas Carreño. -- De Aríbalos mujeres y huellas de Puma. Jorge Pedro Gómez Muñoz. -- La chincana de Cusco. Rossano Calvo Calvo. -- La Astronomía Inka. Armando Valenzuela Lovón. -- El Centro Científico del Cusco. Julio Antonio Gutiérrez Samanez. -- Testimonio de una época respuestas a mis propias preguntas. Hugo Bonet Rodríguez. -- Francisco Gonzáles Gamarra. Manuel Gibaja. -- Soneto libre para una rosa. Raúl Brozovich. -- Paq´o. Odi Gonzales. -- Jesús. Ana Bertha Vizcarra. -- Lucy. Luis Nieto Degregori. -- Ratoncillo. Elver Pizarro. -- Bryce Echenique. Mario Pantoja. -- Hagiographia. Baudelaire. -- Aspectos de la cultura actual del Cusco. Raúl Carreño Collatupa. |
| 650 ## - PUNTO DE ACCESO ADICIONAL DE MATERIA--TÉRMINO DE MATERIA |
| Descriptor |
Interculturalidad |
| 9 (RLIN) |
7556 |
| 650 ## - PUNTO DE ACCESO ADICIONAL DE MATERIA--TÉRMINO DE MATERIA |
| Descriptor |
Cultura andina |
| 9 (RLIN) |
47284 |
| 650 ## - PUNTO DE ACCESO ADICIONAL DE MATERIA--TÉRMINO DE MATERIA |
| Descriptor |
Literatura |
| 9 (RLIN) |
47285 |
| 650 ## - PUNTO DE ACCESO ADICIONAL DE MATERIA--TÉRMINO DE MATERIA |
| Descriptor |
Cusco |
| 9 (RLIN) |
772 |
| 700 ## - PUNTO DE ACCESO ADICIONAL--NOMBRE DE PERSONA |
| Nombre Personal |
Pantoja Palomino, Mario |
| 9 (RLIN) |
47286 |
| 700 ## - PUNTO DE ACCESO ADICIONAL--NOMBRE DE PERSONA |
| Nombre Personal |
Aparicio, Manuel Jesús |
| 9 (RLIN) |
47320 |
| 700 ## - PUNTO DE ACCESO ADICIONAL--NOMBRE DE PERSONA |
| Nombre Personal |
Angles Vargas, Víctor |
| 9 (RLIN) |
47321 |
| 700 ## - PUNTO DE ACCESO ADICIONAL--NOMBRE DE PERSONA |
| Nombre Personal |
Bonet Rodríguez, Hugo |
| 9 (RLIN) |
4683 |
| 700 ## - PUNTO DE ACCESO ADICIONAL--NOMBRE DE PERSONA |
| Nombre Personal |
Calvo Calvo, Rossano |
| 9 (RLIN) |
44156 |
| 942 ## - ELEMENTOS DE PUNTO DE ACCESO ADICIONAL (KOHA) |
| Fuente de clasificación |
|
| Tipo de item |
Revistas cusqueñas |
| 945 ## - PROCESAMIENTO DE INFORMACIÓN LOCAL (OCLC) |
| Catalogador |
vhl |